আধুনিক সভ্যতার উজান বাঁকে / (Record no. 12619)
[ view plain ]
| 000 -LEADER | |
|---|---|
| fixed length control field | 00771nam a2200217 a 4500 |
| 001 - CONTROL NUMBER | |
| JCCL Control Number | 12619 |
| 003 - CONTROL NUMBER IDENTIFIER | |
| JCCL marc code | BD-JhCC |
| 005 - DATE AND TIME OF LATEST TRANSACTION | |
| control field | 20221017113628.0 |
| 008 - FIXED-LENGTH DATA ELEMENTS--GENERAL INFORMATION | |
| fixed length control field | 221017s2021 bg |||| |||| 000 0 ban d |
| 035 ## - SYSTEM CONTROL NUMBER | |
| system control number | (BD-JhCC)12619 |
| 040 ## - CATALOGING SOURCE | |
| Original cataloging agency | BD-JhCC |
| Modifying agency | BD-JhCC |
| 041 ## - LANGUAGE CODE | |
| Language code of Book | Bangla |
| 082 ## - DEWEY DECIMAL CLASSIFICATION NUMBER | |
| Classification number | 915.4 |
| Author mark and Year | ADI 2021 |
| 100 ## - MAIN ENTRY--PERSONAL NAME | |
| Personal name | আদিল, অধ্যাপক আবদুল কুদ্দুস |
| 245 ## - TITLE STATEMENT | |
| Title | আধুনিক সভ্যতার উজান বাঁকে / |
| Statement of responsibility, etc | অধ্যাপক আবদুল কুদ্দুস আদিল |
| 260 ## - PUBLICATION, DISTRIBUTION, ETC. (IMPRINT) | |
| Place of publication, distribution, etc | ঢাকা : |
| Name of publisher, distributor, etc | রচনা প্রকাশ, |
| Date of publication, distribution, etc | ২০২১ |
| 300 ## - PHYSICAL DESCRIPTION | |
| Pagination | ২২৪ পৃ. : |
| Dimensions | ২১ সেমি. |
| 650 ## - SUBJECT ADDED ENTRY--TOPICAL TERM | |
| Topical term or geographic name as entry element | Civilization, Modern |
| 650 ## - SUBJECT ADDED ENTRY--TOPICAL TERM | |
| Topical term or geographic name as entry element | History |
| 942 ## - ADDED ENTRY ELEMENTS (KOHA) | |
| Source of classification or shelving scheme | Dewey Decimal Classification |
| Koha item type | Books |
| Source of classification or shelving scheme | Damaged status | Not for loan | Home library | Current library | Shelving location | Date of accession | Cost, normal purchase price | Total Checkouts | Full call number | Barcode | Date last seen | Copy number | Koha item type |
|---|---|---|---|---|---|---|---|---|---|---|---|---|---|
| Dewey Decimal Classification | JCC Rouf Library | JCC Rouf Library | General Stacks | 10/17/2022 | 288.00 | 915.4 ADI 2021 | 17415 | 10/17/2022 | C-1 | Books |